Najpopularniejsze Marki Telefonów 2025 - Statystyki

Ogólne statystyki
  • Ten quiz został rozwiązany 149 razy
  • Średni wynik to 6 z 10
Statystyki odpowiedzi
Hint Odpowiedź % Poprawnych
1. Samsung
100%
2. Apple
90%
3. Xiaomi
81%
6. Huawei
80%
5. Motorola
77%
8. OPPO
65%
9. Realme
40%
7. Google
33%
4. OnePlus
18%
10. ASUS
10%
Nie znaleziono quizów pasujących do podanych kryteriów
Rozkład punktacji
Procent ludzi z każdym wynikiem
Percentyl według liczby udzielonych odpowiedzi
Twoja historia wyników
Nie rozwiązałeś tego quizu